Jacques Rancière : en los bordes del cine : entrevista con Jacques Rancière concedida al proyecto de investigación Cine y filosofía: poéticas de la condición humana /
Guardado en:
| Hovedforfatter: | |
|---|---|
| Andre forfattere: | , |
| Format: | Bog |
| Sprog: | spansk |
| Udgivet: |
México :
UNAM, Centro Universitario de Estudios Cinematográficos,
2014, c2014
|
| Serier: | (Estudios en Cine y Teatro Cátedra Ingmar Bergman)
|
| Fag: | |
| Tags: |
Ingen Tags, Vær først til at tagge denne postø!
|
MARC
| LEADER | 00000nam^a2200000^a^4500 | ||
|---|---|---|---|
| 001 | 000398858 | ||
| 005 | 20250521000000.0 | ||
| 009 | 20260310121537.135 | ||
| 020 | |a 978-607-02-6241-8 | ||
| 020 | |a 978-607-02-4790-3 | ||
| 037 | |a Acervo ITESO - Biblioteca | ||
| 041 | |a ESP | ||
| 082 | |a 302. 23501 |b CYF POE V. 4 | ||
| 100 | |a Rancière, Jacques |e (autor) | ||
| 240 | 1 | 1 | |a [Cine y filosofía: poéticas de la condición humana] |
| 240 | 1 | 1 | |a [Cátedra Ingmar Bergman] |
| 245 | 1 | 0 | |a Jacques Rancière : |b en los bordes del cine : entrevista con Jacques Rancière concedida al proyecto de investigación Cine y filosofía: poéticas de la condición humana / |c J. Rancière ; coord. de A. Casas, L. Flores Farfán. |
| 246 | 2 | |a Título en la cubierta: Jacques Rancière: en los bordes del cine | |
| 264 | 4 | |a México : |b UNAM, Centro Universitario de Estudios Cinematográficos, |c 2014, c2014 | |
| 300 | |a 102 p. | ||
| 336 | |a texto |b txt |2 rdacontenido | ||
| 337 | |a sin mediación |b n |2 rdamedio | ||
| 338 | |a volumen |b nc |2 rdasoporte | ||
| 440 | 1 | |a (Estudios en Cine y Teatro Cátedra Ingmar Bergman) | |
| 649 | |a XX | ||
| 650 | |a Filósofos Franceses - |x Entrevistas | ||
| 650 | |a Cine - |x Filosofía - |x Tema Principal | ||
| 650 | |a Cine - |x Teoría - |x Tema Principal | ||
| 650 | |a Estética | ||
| 650 | |a Filosofía Política | ||
| 650 | |a Marxismo | ||
| 650 | |a Filosofía del Siglo XX | ||
| 650 | |a Filosofía Francesa | ||
| 650 | |a Rancière, Jacques - |x Tema Principal | ||
| 650 | |a Costa, Pedro | ||
| 650 | |a Zhangke, Jia | ||
| 650 | |a Mizoguchi, Kenji | ||
| 650 | |a Tarr, Béla | ||
| 700 | |a Casas, Armando |e (coordinación) | ||
| 700 | |a Flores Farfán, Leticia |e (coordinación) | ||
| 910 | |a Fondo General | ||
| 920 | |a Impresos - Libros | ||
| 930 | |a Colección General | ||
| 905 | |a 101 | ||
| 901 | |a 0500294148 |b IT1 |c ACC |i C156260 |u 20250521 | ||
| 902 | |a https://opac.biblio.iteso.mx/vufind/Record/000398858 | ||